| 000 | 00425nam a2200145Ia 4500 | ||
|---|---|---|---|
| 005 | 20260430133739.0 | ||
| 008 | 260429s9999||||xx |||||||||||||| ||und|| | ||
| 020 | _a9781666867244 | ||
| 082 |
_a572.8 _bMIL |
||
| 100 | _aMiller, Bennett | ||
| 245 | 0 |
_aIntroduction to molecular biology of cell / _cBennett Miller |
|
| 260 |
_aWilmington, DE : _bAmerican Academic Publisher, _c2024. |
||
| 300 | _axvi, 318 p.; hb | ||
| 942 | _cCU | ||
| 999 |
_c53810 _d53810 |
||